| 000 | 00826nam a22002657a 4500 | ||
|---|---|---|---|
| 001 | 3988 | ||
| 003 | FISKH | ||
| 005 | 20240529114518.0 | ||
| 008 | 240529b cb ||||| |||| 00| 0 eng d | ||
| 020 | _a9781416953685 | ||
| 040 |
_aFISKH _beng _cFISKH _dFISKH |
||
| 050 | _aPZ8.S75 | ||
| 082 | _a398.2 | ||
| 100 |
_aSperry Armstrong _d1897-1976 |
||
| 245 |
_aCall it courage / _cArmstrong Sperry |
||
| 260 |
_aNew York : _bSimon Pulse, _c1940 |
||
| 300 |
_a116 pages : _c19 cm |
||
| 505 | _aM | ||
| 520 | _aRelates how Mafatu, a young Polynesian boy whose name means Stout Heart, overcomes his terrible fear of the sea and proves his courage to himself and his people. | ||
| 521 | 8 |
_a830
_bLexile |
|
| 521 | 8 |
_aM
_bRaz-Plus |
|
| 700 | _aArmstrong Sperry | ||
| 942 |
_2ddc _cBK _n0 |
||
| 999 |
_c3988 _d3988 |
||